000 00413nam a2200133 a 4500
005 20140414131856.0
008 100828s19uu xx 00 eng d
050 _aFIL
_bB31 2006
100 _aVillanueva, Rene O.
245 _aAng batang natutong magkusa sa paggawa :
_bThe child who has initiative.
260 _aManila, Philippines :
_bLampara,
_c2006.
440 _aGrandfather Uban's stories
999 _c110459
_d110459